00674 2200193 4500001002100000005001500021035002000036007000300056008003900059082001700098084002300115100003000138245019600168260004100364300004100405650001100446600001000457022001300467INLIS00000000000116420250203092558 a0010-0225000002ta250203 | | |  a631.53-633.7 a631.53-633.7 LEO a0 aLeonardo Talero-Sarmiento1 aA Data-Driven Approach to Improve Cocoa Crop Establishment in Colombia: Insights and Agricultural Practice Recommendations from an Ensemble Machine Learning Model /cLeonardo Talero-Sarmiento aSwitzerland, Basel :bMDPI AG,c2025 a1-39 hlm, :bIlus ;c21 cm x 29,7 cm 4aJurnal 4aKakao a26247402